000
00250nam a2200121Ia 4500
008
240624s9999 xx 000 0 und d
041
_a
eng
082
_a
658.8 RIE
100
_a
RIES AL
245
_a
MARKETING WARFARE
260
_c
1986
365
_c
999
_c
24378
_d
24378